[Event "POL-chT 2nd League"]
[Site "Jastrzebia Gora"]
[Date "2019.09.13"]
[Round "7.21"]
[White "Rakowiecki, Andrzej"]
[Black "Solnicki, Michal"]
[Result "0-1"]
[WhiteElo "1917"]
[BlackElo "2143"]
[PlyCount "111"]
[EventDate "2019.09.07"]
[EventType "team-swiss"]
[EventRounds "9"]
[EventCountry "POL"]
[SourceTitle "EXT 2020"]
[Source "ChessBase"]
[SourceDate "2019.10.17"]
[SourceVersion "1"]
[SourceVersionDate "2019.10.17"]
[SourceQuality "1"]
[WhiteTeam "Plock Stowarzyszenie"]
[BlackTeam "Warszawa Mogalo"]
[WhiteTeamCountry "POL"]
[BlackTeamCountry "POL"]

1. d4 d5 2. c4 c6 3. Nc3 Nf6 4. Nf3 a6 5. a4 g6 6. Bg5 Bg7 7. e3 0-0 8. Qb3 e6 9. c5 Nbd7 10. Ne5 Qe8 11. f4 Nxe5 12. fxe5 Nd7 13. Bd3 f6 14. exf6 Bxf6 15. Bh6 Bg7 16. Bxg7 Kxg7 17. 0-0-0 e5 18. Rde1 e4 19. Be2 a5 20. Ref1 Rb8 21. Rxf8 Qxf8 22. Rf1 Qe7 23. Bg4 Nf6 24. Bxc8 Rxc8 25. h3 Qc7 26. Ne2 g5 27. Rf5 Kg6 28. Re5 Re8 29. Qc3 Rxe5 30. dxe5 Nd7 31. e6 Ne5 32. Nd4 Nd3+ 33. Kb1 Qe7 34. Qxa5 Qxc5 35. Qd2 Qf8 36. Nf3 Qf6 37. h4 gxh4 38. Nd4 Qf1+ 39. Ka2 c5 40. Ne2 Qxe2 41. Qxe2 Nc1+ 42. Ka3 Nxe2 43. b4 cxb4+ 44. Kxb4 Kf6 45. Kc5 Kxe6 46. a5 h6 47. Kb5 Kd6 48. Kb6 d4 49. Kxb7 d3 50. a6 d2 51. a7 d1Q 52. a8Q Qd5+ 53. Ka7 Qxa8+ 54. Kxa8 Ng3 55. Kb7 Nf1 56. Kb6 0-1

[Event "Polanica Zdroj op-A 46th"]
[Site "Polanica Zdroj"]
[Date "2010.08.26"]
[Round "8"]
[White "Rakowiecki, Andrzej"]
[Black "Gorecki, Janusz"]
[Result "1/2-1/2"]
[WhiteElo "2015"]
[BlackElo "1932"]
[PlyCount "25"]
[EventDate "2010.08.19"]
[EventType "swiss"]
[EventRounds "10"]
[EventCountry "POL"]
[SourceTitle "CBM 138 Extra"]
[Source "ChessBase"]
[SourceDate "2010.10.29"]
[SourceVersion "1"]
[SourceVersionDate "2010.10.29"]
[SourceQuality "1"]

1. d4 Nf6 2. c4 e6 3. Nc3 d5 4. Bg5 Be7 5. e3 0-0 6. Nf3 Nbd7 7. Rc1 c6 8. Qc2 h6 9. Bh4 dxc4 10. Bxc4 Nb6 11. Bb3 Nfd5 12. Bxe7 Qxe7 13. 0-0 1/2-1/2

[Event "Polanica Zdroj op-A 46th"]
[Site "Polanica Zdroj"]
[Date "2010.08.20"]
[Round "2"]
[White "Janocha, Wieslaw Adam"]
[Black "Rakowiecki, Andrzej"]
[Result "1-0"]
[WhiteElo "2304"]
[BlackElo "2015"]
[PlyCount "67"]
[EventDate "2010.08.19"]
[EventType "swiss"]
[EventRounds "10"]
[EventCountry "POL"]
[SourceTitle "CBM 138 Extra"]
[Source "ChessBase"]
[SourceDate "2010.10.29"]
[SourceVersion "1"]
[SourceVersionDate "2010.10.29"]
[SourceQuality "1"]

1. e4 d6 2. d4 Nf6 3. Nc3 g6 4. Be2 Bg7 5. h4 0-0 6. h5 c5 7. hxg6 hxg6 8. d5 e6 9. Bg5 exd5 10. Nxd5 Be6 11. Qd2 Bxd5 12. exd5 Re8 13. Qf4 Qa5+ 14. Kf1 Nbd7 15. c3 Re4 16. Qxd6 Rae8 17. Bh6 Rxe2 18. Nxe2 Qb5 19. Re1 Ne5 20. Bxg7 Kxg7 21. Rh3 Ne4 22. Qc7 Nd3 23. c4 Nd2+ 24. Kg1 Qxc4 25. Rh7+ Kxh7 26. Qxf7+ Kh6 27. Qxe8 Nf3+ 28. gxf3 Nxe1 29. Qe3+ Kg7 30. Nf4 Nc2 31. Qe7+ Kh6 32. Ne6 Qxd5 33. Qg7+ Kh5 34. Qh7# 1-0